000
00385nam a22001217a 4500
003
SGT
082
_a
301.2
_b
R92K
100
_a
कपूर, मस्तराम
245
_a
राष्ट्रीय एकता का संकट और सांप्रदायिक शक्तियाँ
260
_b
लेखक मंच
_c
1992
300
_a
88
942
_2
ddc
_c
BK
999
_c
29330
_d
29330